| 000 | 00351nam a2200145Ia 4500 | ||
|---|---|---|---|
| 008 | 230917s9999||||xx |||||||||||||| ||und|| | ||
| 040 |
_e35706 _aMAIN |
||
| 041 | _aEnglish | ||
| 082 | _a417.095401 S76I | ||
| 100 | _aSircar, D C | ||
| 245 | 0 | _aIndian epigraphical glassary | |
| 260 |
_aDelhi _bMotilal _c1966 |
||
| 300 | _axiv, 560 p. | ||
| 942 | _cBK | ||
| 999 |
_c186761 _d186761 |
||